ТехНадзор. 2018, № 5 (138) (Запись № 11931292)

Подробности
000 -МАРКЕР
контрольное поле 00941nam2a2200205 4500
001 - ИДЕНТИФИКАТОР ЗАПИСИ
контрольное поле RU\NLR\PER_A\002942690_002090
005 - ИДЕНТИФИКАТОР ВЕРСИИ
контрольное поле 20250626134129.0
035 ## - ДРУГИЕ СИСТЕМНЫЕ НОМЕРА
Идентификатор записи (NLR Aleph) 011814169
100 ## - ДАННЫЕ ОБЩЕЙ ОБРАБОТКИ
Данные общей обработки 20181008d2018 |||y0rusy50 ca
101 0# - ЯЗЫК РЕСУРСА
Язык текста, звукозаписи и т.д. русский
102 ## - СТРАНА ПУБЛИКАЦИИ ИЛИ ПРОИЗВОДСТВА
Страна публикации Российская Федерация
200 0# - ЗАГЛАВИЕ И СВЕДЕНИЯ ОБ ОТВЕТСТВЕННОСТИ
Основное заглавие 2018, № 5 (138)
210 ## - ПУБЛИКАЦИЯ, РАСПРОСТРАНЕНИЕ И ДР.
Дата издания, распространения и т.д. 2018
Место издания, распространения и т.д. Б. м.
461 #0 - УРОВЕНЬ НАБОРА
Встроенное поле 001RU\NLR\Per\694896
-- 2001#$aТехНадзор$eинформационно-консультативное издание по промышленной и экологической безопасности$v2018, № 5 (138)
Системный номер (АБИС) связанной записи 3814170
Место публикации Екатеринбург
Дата публикации 2008 -
Имя издателя, распространителя и т.д. [б. и.]
Сведения, относящиеся к заглавию информационно-консультативное издание по промышленной и экологической безопасности
Заглавие ТехНадзор
Номер тома 2018, № 5 (138)
852 ## - МЕСТОНАХОЖДЕНИЕ И ШИФР ХРАНЕНИЯ
Идентификатор организации NLR
Шифр хранения (Call Number) П11/5673
942 ## - ДОПОЛНИТЕЛЬНЫЕ ЭЛЕМЕНТЫ ЗАПИСИ (АБИС)
Тип экземпляра АБИС Выпуск
980 ## - КОЛЛЕКЦИЯ
Название коллекции Национальная библиография
980 ## - КОЛЛЕКЦИЯ
Название коллекции Русская периодика

Нет доступных экземпляров.